Selección de escritos : 1983-1990 / P. Perter-Hans Kolvenbach

Gardado en:
Detalles Bibliográficos
Autor Principal: Kolvenbach, Peter Hans (autor)
Formato: Libro
Temas:
Etiquetas: Engadir etiqueta
Sen Etiquetas, Sexa o primeiro en etiquetar este rexistro!

MARC

LEADER 00000nam^a2200000^u^4500
001 000550605
005 20250521000000.0
008 060220s1000^^^^^^^^^^^^r^^^^^000^0^spa^d
009 20260310131537.548
035 |a FMI 000020384 
037 |a Acervo Xavier Clavigero 
096 |a 4.4.1/51/C 
100 |a Kolvenbach, Peter Hans  |e (autor) 
245 1 0 |a Selección de escritos : 1983-1990 / P. Perter-Hans Kolvenbach 
264 |a [Madrid] : Compañía de Jesús, 1992 
300 |a 729 p. 
336 |a texto  |b txt  |2 rdacontenido 
337 |a sin mediación  |b n  |2 rdamedio 
338 |a volumen  |b nc  |2 rdasoporte 
649 |a XX 
650 |a Espiritualidad de la Compañía de Jesús 
910 |a Fondo Francisco Migoya Covarrubias S.J. 
920 |a Impresos - Libros 
930 |a Fondos Especiales 
905 |a 134 
901 |a SBC12073  |b IT2  |c ESP  |u 20250521 
902 |a https://opac.biblio.iteso.mx/vufind/Record/000550605